Watsons statistics. - January - December 1994 (Record no. 91962)

MARC details
000 -LEADER
fixed length control field 00681cam a2200265 4500
001 - CONTROL NUMBER
control field J1987
008 - FIXED-LENGTH DATA ELEMENTS--GENERAL INFORMATION
fixed length control field 090401t1994 xxu||||| |||| 00| 0 eng d
035 ## - SYSTEM CONTROL NUMBER
System control number (Sirsi) u46634
041 ## - LANGUAGE CODE
Language code of text/sound track or separate title eng
050 ## - LIBRARY OF CONGRESS CALL NUMBER
Classification number 314.1
110 ## - MAIN ENTRY--CORPORATE NAME
Corporate name or jurisdiction name as entry element R. Watson and Sons
9 (RLIN) 1641
245 ## - TITLE STATEMENT
Title Watsons statistics. - January - December 1994
260 ## - PUBLICATION, DISTRIBUTION, ETC.
Place of publication, distribution, etc. Reigate, Surrey
Name of publisher, distributor, etc. R. Watson and Sons
Date of publication, distribution, etc. 1994
300 ## - PHYSICAL DESCRIPTION
Extent 12 pt. ; 21cm.
350 ## - PRICE (NR) (BK AM CF MU VM SE) [OBSOLETE]
Price 0
520 ## - SUMMARY, ETC.
Summary, etc. Published monthly.
650 ## - SUBJECT ADDED ENTRY--TOPICAL TERM
Topical term or geographic name entry element BANK BASE RATES
650 ## - SUBJECT ADDED ENTRY--TOPICAL TERM
Topical term or geographic name entry element INFLATION
650 ## - SUBJECT ADDED ENTRY--TOPICAL TERM
Topical term or geographic name entry element INVESTMENT
650 ## - SUBJECT ADDED ENTRY--TOPICAL TERM
Topical term or geographic name entry element PENSIONS
650 ## - SUBJECT ADDED ENTRY--TOPICAL TERM
Topical term or geographic name entry element ALL ITEMS RETAIL PRICES INDEX
690 ## - LOCAL SUBJECT ADDED ENTRY--TOPICAL TERM (OCLC, RLIN)
Topical term or geographic name as entry element ECONOMIC AND SOCIAL
942 ## - ADDED ENTRY ELEMENTS (KOHA)
Suppress in OPAC 0
948 ## - LOCAL PROCESSING INFORMATION (OCLC); SERIES PART DESIGNATOR (RLIN)
c (OCLC) 04/03/1997
Holdings
Withdrawn status Lost status Source of classification or shelving scheme Damaged status Not for loan Home library Current library Shelving location Date acquired Total Checkouts Full call number Barcode Date last seen Copy number Price effective from Koha item type
    Dewey Decimal Classification     London London Statistics 13/01/1994   STATISTICS 30040491 06/08/2019 1 06/08/2019 Reference material
    Dewey Decimal Classification     London London Statistics 09/02/1994   STATISTICS 30040763 06/08/2019 2 06/08/2019 Reference material
    Dewey Decimal Classification     London London Statistics 10/03/1994   STATISTICS 30041055 06/08/2019 3 06/08/2019 Reference material
    Dewey Decimal Classification     London London Statistics 08/04/1994   STATISTICS 30041227 06/08/2019 4 06/08/2019 Reference material
    Dewey Decimal Classification     London London Statistics 09/05/1994   STATISTICS 30041497 06/08/2019 5 06/08/2019 Reference material
    Dewey Decimal Classification     London London Statistics 14/06/1994   STATISTICS 30041799 06/08/2019 6 06/08/2019 Reference material
    Dewey Decimal Classification     London London Statistics 25/07/1994   STATISTICS 30042162 06/08/2019 7 06/08/2019 Reference material
    Dewey Decimal Classification     London London Statistics 17/08/1994   STATISTICS 30042368 06/08/2019 8 06/08/2019 Reference material
    Dewey Decimal Classification     London London Statistics 16/09/1994   STATISTICS 30042534 06/08/2019 9 06/08/2019 Reference material
    Dewey Decimal Classification     London London Statistics 20/10/1994   STATISTICS 30042818 06/08/2019 10 06/08/2019 Reference material
    Dewey Decimal Classification     London London Statistics 15/11/1994   STATISTICS 30043893 06/08/2019 11 06/08/2019 Reference material
    Dewey Decimal Classification     London London Statistics 13/01/1995   STATISTICS 30044701 06/08/2019 12 06/08/2019 Reference material